01615nam a2200181 a 450000500170000000800410001704000120005804100080007010000310007824501230010926000540023230000100028652010050029665000220130165000490132365000360137265000250140820150105115049.0150105b xxu||||| |||| 00| 0 spa d cCO-BoIH aspa aRíos Katto, Clara Inés aPropuesta metodológica mejorada en cuanto a tipo de análisis de información socioeconómica de paisajes rurales aManizalesbInstituto Alexander von Humboldtc2005 a33 p. aA partir de caracterizaciones biológicas y socioeconómicas de paisajes rurales se desarrolla una propuesta de identificación de oportunidades de conservación en paisajes rurales, que permite establecer un orden de prioridades de sitios donde se encuentren elementos del paisaje con una composición y estructura biótica de interés para la conservación de la biodiversidad y donde, además, se den condiciones socioeconómicas que faciliten procesos que permitan conservar esa biodiversidad, sin afectar de manera negativa el sistema productivo. La caracterización socioeconómica de paisajes rurales se encamina a identificar elementos relacionados con el modo de ocupación del territorio, la toma de decisiones, los sistemas de producción, el manejo, conocimiento y uso de recursos naturales y cultivados asociados al sistema productivo. En los anexos se incluye el formulario completo de una encuesta muy completa sobre caracterización socioeconómica de paisajes rurales aPaisajes rurales  aCaracterización biológica y económica  aConservaciónde biodiversidad  aSistemas productivos